Statistics for Sheffield United Biggest Transfers

Click here to take the quiz!

General Stats

  • This quiz has been taken 15 times
  • The average score is 29 of 87

Answer Stats

% Correct
OutgoingsEnglandGKAaron Ramsdale21/22Arsenal
73%
IncomingsEnglandGKAaron Ramsdale20/21Bournemouth
73%
IncomingsScotlandSTOli McBurnie19/20Swansea City
73%
IncomingsEnglandSTRhian Brewster20/21Liverpool
73%
OutgoingsEnglandCBHarry Maguire14/15Hull City
67%
IncomingsIrelandCBJohn Egan18/19Brentford
67%
OutgoingsEnglandRBKyle Walker09/10Tottenham Hotspur
67%
OutgoingsEnglandCBPhil Jagielka07/08Everton
67%
IncomingsNorwayDMSander Berge19/20Genk
67%
OutgoingsNorwayDMSander Berge23/24Burnley
67%
IncomingsUnited StatesCBAuston Trusty23/24Arsenal
60%
IncomingsIrelandSTCallum Robinson19/20Preston North End
60%
IncomingsEnglandSTCameron Archer23/24Aston Villa
60%
OutgoingsWalesRWDavid Brooks18/19Bournemouth
60%
IncomingsNetherlandsDMGustavo Hamer23/24Coventry City
60%
IncomingsFranceSTLys Mousset19/20Bournemouth
60%
IncomingsNorthern IrelandCMOliver Norwood18/19Brighton & Hove Albion
60%
IncomingsBosniaCBAnel Ahmedhodzic22/23Malmo
53%
OutgoingsSenegalSSIliman Ndiaye23/24Marseille
53%
IncomingsEnglandRBJayden Bogle20/21Derby County
53%
IncomingsEnglandAMLuke Freeman19/20Queens Park Rangers
53%
IncomingsEnglandLBMax Lowe20/21Derby County
53%
IncomingsBrazilDMVinicius Souza23/24Lommel
53%
IncomingsTunisiaCMAnis Slimane23/24Brondby
47%
IncomingsIvory CoastSTBenie Traore23/24Hacken
47%
IncomingsEnglandCMBen Osborn19/20Nottingham Forest
47%
IncomingsEnglandSTBilly Sharp07/08Scunthorpe United
47%
OutgoingsEnglandSTBilly Sharp10/11Doncaster Rovers
47%
IncomingsWalesSTChed Evans09/10Manchester City
47%
OutgoingsEnglandSTDominic Calvert-Lewin16/17Everton
47%
IncomingsMaliCMIsmaila Coulibaly20/21Sarpsborg
47%
OutgoingsEnglandSTBrian Deane93/94Leeds United
40%
IncomingsEnglandSTBrian Deane97/98Leeds United
40%
OutgoingsEnglandSTBrian Deane97/98Benfica
40%
OutgoingsEnglandRBKyle Naughton09/10Tottenham Hotspur
40%
IncomingsScotlandSTOliver Burke20/21West Bromwich Albion
40%
IncomingsEnglandSTDarius Henderson08/09Watford
33%
OutgoingsScotlandLWJamie Murphy15/16Brighton & Hove Albion
33%
OutgoingsNigeriaSTAde Akinbiyi06/07Burnley
27%
IncomingsNigeriaSTAde Akinbiyi05/06Burnley
27%
OutgoingsArgentinaAMAlejandro Sabella80/81Leeds United
27%
OutgoingsScotlandSTChe Adams16/17Birmingham City
27%
IncomingsTurkeySTColin Kazim-Richards06/07Brighton & Hove Albion
27%
OutgoingsTurkeySTColin Kazim-Richards07/08Fenerbahce
27%
IncomingsWalesRWDavid Cotterill08/09Wigan Athletic
27%
OutgoingsEnglandSTJames Beattie08/09Stoke City
27%
IncomingsEnglandSTJames Beattie07/08Everton
27%
OutgoingsEnglandCBMatthew Kilgallon09/10Sunderland
27%
IncomingsEnglandCBMatthew Kilgallon06/07Leeds United
27%
OutgoingsAntigua & BarbudaDMMikele Leigertwood07/08Queens Park Rangers
27%
OutgoingsIrelandGKPaddy Kenny10/11Queens Park Rangers
27%
IncomingsBarbadosRWPaul Ifill05/06Millwall
27%
OutgoingsBarbadosRWPaul Ifill06/07Crystal Palace
27%
IncomingsEgyptRBAhmed Fathy06/07Ismaily
20%
OutgoingsScotlandAMDon Hutchison97/98Everton
20%
IncomingsScotlandAMDon Hutchison95/96West Ham United
20%
IncomingsScotlandLBGary Naysmith07/08Everton
20%
OutgoingsNorwaySTJan Aage Fjortoft97/98Barnsley
20%
IncomingsJamaicaLWLuton Shelton06/07Helsingborgs
20%
OutgoingsEnglandRBMatthew Lowton12/13Aston Villa
20%
OutgoingsEnglandCMMichael Tonge08/09Stoke City
20%
OutgoingsEnglandSTRob Hulse08/09Derby County
20%
IncomingsEnglandSTRob Hulse06/07Leeds United
20%
OutgoingsEnglandCMRyan Leonard18/19Millwall
20%
OutgoingsEnglandLBWayne Quinn00/01Newcastle United
20%
IncomingsEnglandCBBrian Gayle91/92Ipswich Town
13%
IncomingsJamaicaCBClaude Davis06/07Preston North End
13%
OutgoingsJamaicaCBClaude Davis07/08Derby County
13%
IncomingsEnglandSTGeoff Horsfield05/06West Bromwich Albion
13%
IncomingsEnglandRBJohn Brayford14/15Cardiff City
13%
OutgoingsEnglandSTJordan Slew11/12Blackburn Rovers
13%
OutgoingsEnglandSTMarcus Bent00/01Blackburn Rovers
13%
OutgoingsWalesSTNathan Blake95/96Bolton Wanderers
13%
OutgoingsBarbadosSTNick Blackman12/13Reading
13%
IncomingsEnglandSTRichard Cresswell09/10Stoke City
13%
OutgoingsEnglandSTTony Agana91/92Notts County
13%
OutgoingsScotlandSTAndy Gray05/06Sunderland
7%
OutgoingsScotlandLBChris Armstrong08/09Reading
7%
OutgoingsEnglandAMCurtis Woodhouse00/01Birmingham City
7%
IncomingsEnglandCMJohn Ebbrell96/97Everton
7%
IncomingsEnglandSTJon Stead06/07Sunderland
7%
OutgoingsEnglandSTLee Morris99/00Derby County
7%
OutgoingsIvory CoastCBOlivier Tebily99/00Celtic
7%
IncomingsEnglandDMShaun Derry97/98Notts County
7%
IncomingsGreeceRBVasilios Borbokis97/98AEK Athens
7%
OutgoingsEnglandCBDavid Holdsworth98/99Birmingham City
0%
OutgoingsEnglandAMGraham Stuart98/99Charlton Athletic
0%

Score Distribution

Percentile by Number Answered

Percent of People with Each Score

Your Score History

You have not taken this quiz